| 000 | 04762cam a22005297i 4500 | ||
|---|---|---|---|
| 001 | 20639500 | ||
| 003 | ARRUPE | ||
| 005 | 20220407083137.0 | ||
| 008 | 180821t20182018nyu 000 0 eng d | ||
| 010 | _a 2018288218 | ||
| 020 |
_a9781501158568 _q(hardcover) |
||
| 020 |
_a1501158562 _q(hardcover) |
||
| 024 | 8 | _a99976803567 | |
| 035 | _a(OCoLC)on1031268432 | ||
| 040 |
_aOQX _beng _cOQX _erda _dOQX _dOCLCO _dQQ3 _dPCX _dBUR _dOCLCQ _dBTCTA _dYDX _dBDX _dCN5O4 _dTXB _dIGA _dOCLCF _dZYU _dVP@ _dSINLB _dPAU _dQJK _dWLU _dM4L _dAZH _dB@L _dMUO _dCGPIL _dTXHLC _dKSU _dDLC |
||
| 042 | _alccopycat | ||
| 050 | 0 | 0 |
_aQ335 _b.R453 2018 |
| 082 | 0 | 4 |
_a303.48/34 _223 |
| 100 | 1 |
_aReese, Byron, _eauthor. _951238 |
|
| 245 | 1 | 4 |
_aThe fourth age : _bsmart robots, conscious computers, and the future of humanity / _cByron Reese. |
| 250 | _aFirst Atria books hardcover edition. | ||
| 260 |
_aNew York _bAtria International _c2018 |
||
| 300 |
_axi, 320 pages ; _c24 cm. |
||
| 505 | 0 | _aPart one: The long, hard road to today. The story of Prometheus ; The First Age: language and fire ; The Second Age: agriculture and cities ; The Third Age: writing and wheels ; The Fourth Age: robots and AI ; Three big questions -- Part two: Narrow AI and robots. The story of John Henry ; Narrow AI ; Robots ; Technical challenges ; Will robots take all our jobs? ; Are there robot-proof jobs? ; The big questions ; The use of robots in war -- Part three: Artificial general intelligence. The story of the sorcerer's apprentice ; The human brain ; AGI ; Should we build an AGI? -- Part four: Computer consciousness. The story of John Frum ; Sentience ; Free will ; Consciousness ; Can computers become conscious? ; Can computers be implanted in human brains? ; Humanity, redefined? -- Part five: The road from here. The story of Jean-Luc Picard ; The invention of progress ; Life in the Fourth Age ; Death, where is thy sting ; What can go wrong? ; The Fifth Age. | |
| 520 | _a"A great turning point in the history of our species is at hand. AI and robotics are poised to redefine what it means to be human. So ... what exactly does that mean for you? In [this book], Byron Reese suggests that technology has fundamentally reshaped humanity just three times in history: 100,000 years ago, we harnessed fire, which led to language; 10,000 years ago, we developed agriculture, which led to cities and warfare; and 5,000 years ago, we invented the wheel and writing, which led to the nation-state. Now, we are on the doorstep of a fourth great change brought about by two technologies: artificial intelligence and robotics. The Fourth Age provides extraordinary background and context on how we got to this point, and how-- rather than what--we should think about the complex web of topics we'll soon all be facing: machine consciousness, automation, drastic shifts in employment and the workforce, creative computers, radical life extension, artificial life, the ethics of AI, autonomous warfare, superintelligence, and extreme prosperity, to name only a few. By asking questions like "Are you a machine?" and "Could a computer feel anything?" Reese leads the reader through a fascinating discussion along the cutting edge of robotics and AI. He provides a framework in which we can all understand, discuss, and act on the issues of the Fourth Age, and grasp how they will transform humanity. This book is essential reading for anyone who wants to move beyond the warring viewpoints of techno pundits, as we rocket toward this next species-changing rendezvous with technology."--Jacket. | ||
| 650 | 0 |
_aArtificial intelligence _xForecasting. _951239 |
|
| 650 | 0 |
_aArtificial intelligence _xSocial aspects. _914405 |
|
| 650 | 0 |
_aRobotics _xForecasting. _951240 |
|
| 650 | 0 |
_aRobotics _xSocial aspects. _951241 |
|
| 650 | 0 |
_aTechnological forecasting. _950885 |
|
| 650 | 7 |
_aSCIENCE / Life Sciences / Evolution. _2bisacsh _951242 |
|
| 650 | 7 |
_aSOCIAL SCIENCE / Future Studies. _2bisacsh _949940 |
|
| 650 | 7 |
_aTECHNOLOGY & ENGINEERING / Robotics. _2bisacsh _951243 |
|
| 650 | 7 |
_aArtificial intelligence _xForecasting. _2fast _951239 |
|
| 650 | 7 |
_aArtificial intelligence _xSocial aspects. _2fast _914405 |
|
| 650 | 7 |
_aRobotics _xSocial aspects. _2fast _951241 |
|
| 650 | 7 |
_aTechnological forecasting. _2fast _950885 |
|
| 650 | 7 |
_aArtificial intelligence _xForecasting. _2sears _951239 |
|
| 650 | 7 |
_aArtificial intelligence _xSocial aspects. _2sears _914405 |
|
| 650 | 7 |
_aRobots _xForecasting. _2sears _951244 |
|
| 650 | 7 |
_aRobots _xSocial aspects. _2sears _951245 |
|
| 650 | 7 |
_aTechnological forecasting. _2sears _950885 |
|
| 655 | 4 |
_aNonfiction. _951246 |
|
| 906 |
_a7 _bcbc _ccopycat _d2 _encip _f20 _gy-gencatlg |
||
| 942 |
_2lcc _cMONOGRAPH |
||
| 999 |
_c131265 _d131265 |
||